00549nam a22001697a 450000500170000001000150001702000260003203500140005803700090007208200140008110000250009524500800012025000060020026000540020627000910026030000280035120240905152326.0 aENG-141662 a9789354424670c785.00 aEN-125194 bDBAD a374.0521 aSaint, Chand Kishore aFinding My Self:cBy Chand Kishore SaintbA Life in Education and Activism/ a1 aTelenganabOrient BlackSwan Private Limitedc2017 a3-6-752, HimayatNagar, HyderabadbTelenganae500029mcentraloffice@orientblackswan.com a206p.bindexc22cm.(pb)